LEADER 01319nam a2200277 i 4500 001 000000068276 003 CaOOAMICUS 005 20030605000000.0 008 030605s1993 it u000 u ita u 013 $a39448 040 $aSeMil$bita 100 1 $aNegri, Luigi,$c.$0(OLS)http://semarc/name/10368 245 13$aLa Chiesa nel mondo :$bmateriali per una comprensione della sua storia dalle origini ai giorni nostri /$cdi Luigi Negri ; a cura di Annamaria Ballarino. 260 $aFaenza :$bTools,$c1993. 300 $a185 p. ;$c21 cm. 490 0 $aToolstrumenti per la cultura. Saggi ;$v6 500 $aCon dedica autografa dell'Autore. - Fondo Card. C.M. Martini. 650 4$aChiesa - Storia - Studi.$0(OLS)http://semarc/subject/2119 700 1 $aBallarino, Annamaria.$0(OLS)http://semarc/name/34064 830 0$aToolstrumenti per la cultura. Saggi ;$v6.$0(OLS)http://semarc/title/23399 850 $aSeMil 852 $aSeMil$W1$xVenegono$y1$m3A III 71 °$j34429$B34429$CSeMilBibl$Z2$F34432 $81 941 1 $a4 961 $aOmaggio: Martini Card. Carlo Maria 996 $6245$aLa Chiesa nel mondo :$bmateriali per una comprensione della sua storia dalle origini ai giorni nostri$9(OLS)http://semarc/title/108963 996 $6260$aFaenza :$bTools$9(OLS)http://semarc/publisher/34702 LEADER 01096nam a2200241 i 4500 001 000000155048 003 CaOOAMICUS 005 20061031000000.0 008 061031s1977 it u000 u ita u 013 $a132397 040 $aSeMil$bita 100 1 $aFabris, Rinaldo,$c.$0(OLS)http://semarc/name/340 245 10$aAl servizio della comunità :$bSeconda Lettera di Paolo ai Corinzi /$cRinaldo Fabris. 260 $aTorino-Leumann :$bElle Di Ci,$c1977. 300 $a159 p. ;$c19 cm. 490 0 $aCommenti al Nuovo Testamento 650 4$aBibbia. Nuovo Testamento. Lettere di Paolo - Commentari, studi, critica, interpretazioni.$0(OLS)http://semarc/subject/935 830 0$aCommenti al Nuovo Testamento.$0(OLS)http://semarc/title/6658 850 $aSeMil 852 $aSeMil$W1$xVenegono$y1$m2V I 229$j106899$B106899$CSeMilBibl$Z2$F116184 $81 961 $aRecupero: Altro 996 $6245$aAl servizio della comunità :$bSeconda Lettera di Paolo ai Corinzi$9(OLS)http://semarc/title/227028 996 $6260$aTorino-Leumann :$bElle Di Ci$9(OLS)http://semarc/publisher/30113